00274pab a2200121 454500008004000000100002300040245002600063260000900089300001000098362000800108650001700116773001900133180718b2000 xxu||||| |||| 00| 0 eng d aSundaram, I. Satya aFocus on human rights c2000 ap.7-9 aDec aHuman rights aSocial Welfare